[Event "BCF-ch Soanes U1750 op"]
[Site "Hull"]
[Date "2024.07.27"]
[Round "2"]
[White "Curran, David P1"]
[Black "Cockell, Tom"]
[Result "1-0"]
[WhiteElo "1648"]
[BlackElo "1558"]
[PlyCount "27"]
[EventDate "2024.07.26"]
[EventType "swiss"]
[EventRounds "5"]
[EventCountry "ENG"]
[SourceTitle "CBM 221 Extra"]
[Source "ChessBase"]
[SourceDate "2024.09.30"]
[SourceVersion "1"]
[SourceVersionDate "2024.09.30"]
[SourceQuality "1"]

1. d4 Nf6 2. c4 e6 3. Nf3 d5 4. g3 Nbd7 5. Bg2 Be7 6. cxd5 exd5 7. 0-0 0-0 8. Nc3 c6 9. Qc2 Re8 10. e3 Bd6 11. e4 Nxe4 12. Nxe4 dxe4 13. Ng5 f5 14. Qc4+ 1-0